Hisbah : (Record no. 2866)
[ view plain ]
| 000 -LEADER | |
|---|---|
| fixed length control field | nam a22 a 4500 |
| 003 - CONTROL NUMBER IDENTIFIER | |
| control field | AKMAL |
| 005 - DATE AND TIME OF LATEST TRANSACTION | |
| control field | 20170518143352.0 |
| 008 - FIXED-LENGTH DATA ELEMENTS--GENERAL INFORMATION | |
| fixed length control field | 170518s2008 my e a001 0 may d |
| 020 ## - INTERNATIONAL STANDARD BOOK NUMBER | |
| International Standard Book Number | 9789833827619 (kkt.) : |
| Terms of availability | RM31.00 |
| 039 #9 - LEVEL OF BIBLIOGRAPHIC CONTROL AND CODING DETAIL [OBSOLETE] | |
| Level of rules in bibliographic description | 201208281550 |
| Level of effort used to assign nonsubject heading access points | noraini_y |
| Level of effort used to assign subject headings | 201112081032 |
| Level of effort used to assign classification | zuraidahs |
| Level of effort used to assign subject headings | 201112061422 |
| Level of effort used to assign classification | noraini_y |
| Level of effort used to assign subject headings | 201112061418 |
| Level of effort used to assign classification | noraini_y |
| 040 ## - CATALOGING SOURCE | |
| Original cataloging agency | AKMAL |
| Transcribing agency | AKMAL |
| 049 ## - LOCAL HOLDINGS (OCLC) | |
| Holding library | klpmal |
| 082 04 - DEWEY DECIMAL CLASSIFICATION NUMBER | |
| Classification number | 658 MAR |
| Edition number | 22 |
| 090 00 - LOCALLY ASSIGNED LC-TYPE CALL NUMBER (OCLC); LOCAL CALL NUMBER (RLIN) | |
| Classification number (OCLC) (R) ; Classification number, CALL (RLIN) (NR) | 658 |
| Local cutter number (OCLC) ; Book number/undivided call number, CALL (RLIN) | MAR |
| 090 20 - LOCALLY ASSIGNED LC-TYPE CALL NUMBER (OCLC); LOCAL CALL NUMBER (RLIN) | |
| Classification number (OCLC) (R) ; Classification number, CALL (RLIN) (NR) | 658 |
| Local cutter number (OCLC) ; Book number/undivided call number, CALL (RLIN) | MAR |
| 100 0# - MAIN ENTRY--PERSONAL NAME | |
| Personal name | Mardzelah Makhsin |
| 9 (RLIN) | 6037 |
| 245 10 - TITLE STATEMENT | |
| Title | Hisbah : |
| Remainder of title | sistem pengawasan dan etika pengurusan Islam / |
| Statement of responsibility, etc. | Mardzelah Makhsin |
| 260 ## - PUBLICATION, DISTRIBUTION, ETC. | |
| Place of publication, distribution, etc. | Sintok, Kedah : |
| Name of publisher, distributor, etc. | Penerbitan Universiti Utara Malaysia, |
| Date of publication, distribution, etc. | 2008 |
| 300 ## - PHYSICAL DESCRIPTION | |
| Extent | xiv, 125ms. ; |
| Dimensions | 21cm. |
| 500 ## - GENERAL NOTE | |
| General note | Mengandungi indeks |
| 504 ## - BIBLIOGRAPHY, ETC. NOTE | |
| Bibliography, etc. note | Bibliografi : p. 115-123 |
| 650 10 - SUBJECT ADDED ENTRY--TOPICAL TERM | |
| Topical term or geographic name entry element | Management |
| General subdivision | Religious aspects |
| -- | Islam |
| 9 (RLIN) | 1905 |
| 942 ## - ADDED ENTRY ELEMENTS (KOHA) | |
| Source of classification or shelving scheme | |
| Koha item type | Book |
| Withdrawn status | Lost status | Source of classification or shelving scheme | Damaged status | Not for loan | Collection code | Home library | Current library | Date acquired | Inventory number | Total Checkouts | Full call number | Barcode | Date last seen | Price effective from | Koha item type |
|---|---|---|---|---|---|---|---|---|---|---|---|---|---|---|---|
| NON-FICTION | AKMAL Melaka | AKMAL Melaka | 18.05.2017 | 602594 | 658 MAR | 201704078 | 18.05.2017 | 18.05.2017 | Book | ||||||
| NON-FICTION | AKMAL Melaka | AKMAL Melaka | 18.05.2017 | 602595 | 658 MAR | 201704077 | 18.05.2017 | 18.05.2017 | Book |
